| 000 | 00400nam a2200157 4500 | ||
|---|---|---|---|
| 005 | 20220911152149.0 | ||
| 037 | _aBC_456 71 | ||
| 040 |
_aBC-ENSA _bfre |
||
| 041 |
_afre _bfre |
||
| 100 | _aGRUBER, B. | ||
| 245 |
_aPour l'électricien _b7 formules suffisent _nTOME 1 |
||
| 260 |
_aPARIS _bDUNUD _c1968 |
||
| 562 | _e01 exemplaire(s) | ||
| 650 | _aELECTRICIEN/COMPAGNON/MAITRE | ||
| 942 | _c09 | ||
| 999 |
_c34814 _d62812 |
||